| 000 | 00689nam a22001817a 4500 | ||
|---|---|---|---|
| 003 | LK-CoDNM | ||
| 005 | 20241218144732.0 | ||
| 008 | 241218b |||||||| |||| 00| 0 eng d | ||
| 040 |
_aLK-CoDNM _dLK-CoDNM _eLK-CoDNM |
||
| 041 | _aeng | ||
| 080 |
_a2 _bB19 |
||
| 100 | _aedwards milne h | ||
| 245 | _aHistoire naturelle coralliaires | ||
| 260 |
_cparis _alibrairie encyclopedlque de roret _b1857 |
||
| 300 | _a 24 cm | ||
| 650 | _aScience | ||
| 942 | _cBK | ||
| 999 |
_c233454 _d233454 |
||